<?xml version="1.0" encoding="UTF-8"?>
<marc:record xmlns:marc="http://www.loc.gov/MARC21/slim" type="Bibliographic">
   <marc:leader>00000nam a2200000 c 4500</marc:leader>
   <marc:controlfield tag="001">964955539</marc:controlfield>
   <marc:controlfield tag="003">DE-101</marc:controlfield>
   <marc:controlfield tag="005">20180913023015.0</marc:controlfield>
   <marc:controlfield tag="007">tu</marc:controlfield>
   <marc:controlfield tag="008">020801s2002    gw ||||| |||| 00||||ger  </marc:controlfield>
   <marc:datafield ind1=" " ind2=" " tag="015">
      <marc:subfield code="a">02,A36,1288</marc:subfield>
      <marc:subfield code="2">dnb</marc:subfield>
   </marc:datafield>
   <marc:datafield ind1="7" ind2=" " tag="016">
      <marc:subfield code="2">DE-101</marc:subfield>
      <marc:subfield code="a">964955539</marc:subfield>
   </marc:datafield>
   <marc:datafield ind1=" " ind2=" " tag="020">
      <marc:subfield code="a">9783502518693</marc:subfield>
      <marc:subfield code="c">kart. : EUR 8.90</marc:subfield>
      <marc:subfield code="9">978-3-502-51869-3</marc:subfield>
   </marc:datafield>
   <marc:datafield ind1=" " ind2=" " tag="020">
      <marc:subfield code="a">3502518696</marc:subfield>
      <marc:subfield code="c">kart. : EUR 8.90</marc:subfield>
      <marc:subfield code="9">3-502-51869-6</marc:subfield>
   </marc:datafield>
   <marc:datafield ind1=" " ind2=" " tag="035">
      <marc:subfield code="a">(DE-599)DNB964955539</marc:subfield>
   </marc:datafield>
   <marc:datafield ind1=" " ind2=" " tag="035">
      <marc:subfield code="a">(OCoLC)76376338</marc:subfield>
   </marc:datafield>
   <marc:datafield ind1=" " ind2=" " tag="040">
      <marc:subfield code="a">1140</marc:subfield>
      <marc:subfield code="b">ger</marc:subfield>
      <marc:subfield code="c">DE-101</marc:subfield>
      <marc:subfield code="d">9999</marc:subfield>
   </marc:datafield>
   <marc:datafield ind1=" " ind2=" " tag="041">
      <marc:subfield code="a">ger</marc:subfield>
      <marc:subfield code="h">fre</marc:subfield>
   </marc:datafield>
   <marc:datafield ind1=" " ind2=" " tag="043">
      <marc:subfield code="c">XC-EG</marc:subfield>
      <marc:subfield code="c">XC-EG</marc:subfield>
   </marc:datafield>
   <marc:datafield ind1=" " ind2=" " tag="044">
      <marc:subfield code="c">XA-DE</marc:subfield>
   </marc:datafield>
   <marc:datafield ind1="7" ind2="4" tag="082">
      <marc:subfield code="a">840</marc:subfield>
      <marc:subfield code="a">B</marc:subfield>
      <marc:subfield code="q">DE-101</marc:subfield>
      <marc:subfield code="2">22sdnb</marc:subfield>
   </marc:datafield>
   <marc:datafield ind1=" " ind2=" " tag="084">
      <marc:subfield code="a">16.5p</marc:subfield>
      <marc:subfield code="a">13.1bp</marc:subfield>
      <marc:subfield code="a">16.3</marc:subfield>
      <marc:subfield code="a">16.3</marc:subfield>
      <marc:subfield code="a">16.5p</marc:subfield>
      <marc:subfield code="a">13.1bp</marc:subfield>
      <marc:subfield code="q">DE-101</marc:subfield>
      <marc:subfield code="2">sswd</marc:subfield>
   </marc:datafield>
   <marc:datafield ind1="1" ind2=" " tag="100">
      <marc:subfield code="0">(DE-588)115834664</marc:subfield>
      <marc:subfield code="0">https://d-nb.info/gnd/115834664</marc:subfield>
      <marc:subfield code="0">(DE-101)115834664</marc:subfield>
      <marc:subfield code="a">Jacq, Christian</marc:subfield>
      <marc:subfield code="d">1947-</marc:subfield>
      <marc:subfield code="e">Verfasser</marc:subfield>
      <marc:subfield code="4">aut</marc:subfield>
      <marc:subfield code="2">gnd</marc:subfield>
   </marc:datafield>
   <marc:datafield ind1="1" ind2="0" tag="245">
      <marc:subfield code="a">Im Bann des Pharaos</marc:subfield>
      <marc:subfield code="b">Roman</marc:subfield>
      <marc:subfield code="c">Christian Jacq. Aus dem Franz. von Stefan Linster</marc:subfield>
   </marc:datafield>
   <marc:datafield ind1=" " ind2=" " tag="250">
      <marc:subfield code="a">Taschenbuchausg.</marc:subfield>
   </marc:datafield>
   <marc:datafield ind1=" " ind2=" " tag="259">
      <marc:subfield code="a">ta</marc:subfield>
   </marc:datafield>
   <marc:datafield ind1=" " ind2="1" tag="264">
      <marc:subfield code="a">Bern</marc:subfield>
      <marc:subfield code="a">München</marc:subfield>
      <marc:subfield code="a">Wien</marc:subfield>
      <marc:subfield code="b">Scherz</marc:subfield>
      <marc:subfield code="c">2002</marc:subfield>
   </marc:datafield>
   <marc:datafield ind1=" " ind2=" " tag="300">
      <marc:subfield code="a">475 S.</marc:subfield>
      <marc:subfield code="b">Kt.</marc:subfield>
      <marc:subfield code="c">18 cm</marc:subfield>
   </marc:datafield>
   <marc:datafield ind1=" " ind2=" " tag="336">
      <marc:subfield code="a">Text</marc:subfield>
      <marc:subfield code="b">txt</marc:subfield>
      <marc:subfield code="2">rdacontent</marc:subfield>
   </marc:datafield>
   <marc:datafield ind1=" " ind2=" " tag="337">
      <marc:subfield code="a">ohne Hilfsmittel zu benutzen</marc:subfield>
      <marc:subfield code="b">n</marc:subfield>
      <marc:subfield code="2">rdamedia</marc:subfield>
   </marc:datafield>
   <marc:datafield ind1=" " ind2=" " tag="338">
      <marc:subfield code="a">Band</marc:subfield>
      <marc:subfield code="b">nc</marc:subfield>
      <marc:subfield code="2">rdacarrier</marc:subfield>
   </marc:datafield>
   <marc:datafield ind1="1" ind2=" " tag="490">
      <marc:subfield code="a">Scherz-Krimis</marc:subfield>
      <marc:subfield code="v">1869</marc:subfield>
   </marc:datafield>
   <marc:datafield ind1=" " ind2=" " tag="500">
      <marc:subfield code="a">Lizenz der Droemerschen Verl.-Anst. Knaur, München</marc:subfield>
   </marc:datafield>
   <marc:datafield ind1="1" ind2="7" tag="600">
      <marc:subfield code="0">(DE-588)118519328</marc:subfield>
      <marc:subfield code="0">https://d-nb.info/gnd/118519328</marc:subfield>
      <marc:subfield code="0">(DE-101)118519328</marc:subfield>
      <marc:subfield code="a">Carter, Howard</marc:subfield>
      <marc:subfield code="d">1874-1939</marc:subfield>
      <marc:subfield code="9">rswk-swf</marc:subfield>
      <marc:subfield code="2">gnd</marc:subfield>
   </marc:datafield>
   <marc:datafield ind1="1" ind2="7" tag="600">
      <marc:subfield code="0">(DE-588)119104644</marc:subfield>
      <marc:subfield code="0">https://d-nb.info/gnd/119104644</marc:subfield>
      <marc:subfield code="0">(DE-101)119104644</marc:subfield>
      <marc:subfield code="a">Carnarvon, George Edward Stanhope Molyneux Herbert &#x98;of&#x9c;</marc:subfield>
      <marc:subfield code="d">1866-1923</marc:subfield>
      <marc:subfield code="9">rswk-swf</marc:subfield>
      <marc:subfield code="2">gnd</marc:subfield>
   </marc:datafield>
   <marc:datafield ind1=" " ind2="7" tag="650">
      <marc:subfield code="0">(DE-588)4129464-6</marc:subfield>
      <marc:subfield code="0">https://d-nb.info/gnd/4129464-6</marc:subfield>
      <marc:subfield code="0">(DE-101)041294645</marc:subfield>
      <marc:subfield code="a">Ausgrabung</marc:subfield>
      <marc:subfield code="9">rswk-swf</marc:subfield>
      <marc:subfield code="2">gnd</marc:subfield>
   </marc:datafield>
   <marc:datafield ind1=" " ind2="7" tag="650">
      <marc:subfield code="0">(DE-588)4129464-6</marc:subfield>
      <marc:subfield code="0">https://d-nb.info/gnd/4129464-6</marc:subfield>
      <marc:subfield code="0">(DE-101)041294645</marc:subfield>
      <marc:subfield code="a">Ausgrabung</marc:subfield>
      <marc:subfield code="9">rswk-swf</marc:subfield>
      <marc:subfield code="2">gnd</marc:subfield>
   </marc:datafield>
   <marc:datafield ind1=" " ind2="7" tag="651">
      <marc:subfield code="0">(DE-588)1165082802</marc:subfield>
      <marc:subfield code="0">https://d-nb.info/gnd/1165082802</marc:subfield>
      <marc:subfield code="0">(DE-101)1165082802</marc:subfield>
      <marc:subfield code="a">Grab des Tutanchamun</marc:subfield>
      <marc:subfield code="g">Tal der Könige</marc:subfield>
      <marc:subfield code="9">rswk-swf</marc:subfield>
      <marc:subfield code="2">gnd</marc:subfield>
   </marc:datafield>
   <marc:datafield ind1=" " ind2="7" tag="651">
      <marc:subfield code="0">(DE-588)1165082802</marc:subfield>
      <marc:subfield code="0">https://d-nb.info/gnd/1165082802</marc:subfield>
      <marc:subfield code="0">(DE-101)1165082802</marc:subfield>
      <marc:subfield code="a">Grab des Tutanchamun</marc:subfield>
      <marc:subfield code="g">Tal der Könige</marc:subfield>
      <marc:subfield code="9">rswk-swf</marc:subfield>
      <marc:subfield code="2">gnd</marc:subfield>
   </marc:datafield>
   <marc:datafield ind1=" " ind2="7" tag="655">
      <marc:subfield code="0">(DE-588)1071854844</marc:subfield>
      <marc:subfield code="0">https://d-nb.info/gnd/1071854844</marc:subfield>
      <marc:subfield code="0">(DE-101)1071854844</marc:subfield>
      <marc:subfield code="a">Fiktionale Darstellung</marc:subfield>
      <marc:subfield code="2">gnd-content</marc:subfield>
   </marc:datafield>
   <marc:datafield ind1=" " ind2="7" tag="655">
      <marc:subfield code="a">Belletristische Darstellung</marc:subfield>
      <marc:subfield code="9">rswk-swf</marc:subfield>
      <marc:subfield code="2">gnd</marc:subfield>
   </marc:datafield>
   <marc:datafield ind1=" " ind2="7" tag="655">
      <marc:subfield code="a">Belletristische Darstellung</marc:subfield>
      <marc:subfield code="9">rswk-swf</marc:subfield>
      <marc:subfield code="2">gnd</marc:subfield>
   </marc:datafield>
   <marc:datafield ind1="0" ind2="0" tag="689">
      <marc:subfield code="0">(DE-588)1165082802</marc:subfield>
      <marc:subfield code="0">https://d-nb.info/gnd/1165082802</marc:subfield>
      <marc:subfield code="0">(DE-101)1165082802</marc:subfield>
      <marc:subfield code="D">g</marc:subfield>
      <marc:subfield code="a">Grab des Tutanchamun</marc:subfield>
      <marc:subfield code="g">Tal der Könige</marc:subfield>
   </marc:datafield>
   <marc:datafield ind1="0" ind2="1" tag="689">
      <marc:subfield code="0">(DE-588)4129464-6</marc:subfield>
      <marc:subfield code="0">https://d-nb.info/gnd/4129464-6</marc:subfield>
      <marc:subfield code="0">(DE-101)041294645</marc:subfield>
      <marc:subfield code="D">s</marc:subfield>
      <marc:subfield code="a">Ausgrabung</marc:subfield>
   </marc:datafield>
   <marc:datafield ind1="0" ind2="2" tag="689">
      <marc:subfield code="0">(DE-588)118519328</marc:subfield>
      <marc:subfield code="0">https://d-nb.info/gnd/118519328</marc:subfield>
      <marc:subfield code="0">(DE-101)118519328</marc:subfield>
      <marc:subfield code="D">p</marc:subfield>
      <marc:subfield code="a">Carter, Howard</marc:subfield>
      <marc:subfield code="d">1874-1939</marc:subfield>
   </marc:datafield>
   <marc:datafield ind1="0" ind2="3" tag="689">
      <marc:subfield code="A">f</marc:subfield>
      <marc:subfield code="a">Belletristische Darstellung</marc:subfield>
   </marc:datafield>
   <marc:datafield ind1="0" ind2=" " tag="689">
      <marc:subfield code="5">DE-101</marc:subfield>
      <marc:subfield code="5">DE-101</marc:subfield>
   </marc:datafield>
   <marc:datafield ind1="1" ind2="0" tag="689">
      <marc:subfield code="0">(DE-588)1165082802</marc:subfield>
      <marc:subfield code="0">https://d-nb.info/gnd/1165082802</marc:subfield>
      <marc:subfield code="0">(DE-101)1165082802</marc:subfield>
      <marc:subfield code="D">g</marc:subfield>
      <marc:subfield code="a">Grab des Tutanchamun</marc:subfield>
      <marc:subfield code="g">Tal der Könige</marc:subfield>
   </marc:datafield>
   <marc:datafield ind1="1" ind2="1" tag="689">
      <marc:subfield code="0">(DE-588)4129464-6</marc:subfield>
      <marc:subfield code="0">https://d-nb.info/gnd/4129464-6</marc:subfield>
      <marc:subfield code="0">(DE-101)041294645</marc:subfield>
      <marc:subfield code="D">s</marc:subfield>
      <marc:subfield code="a">Ausgrabung</marc:subfield>
   </marc:datafield>
   <marc:datafield ind1="1" ind2="2" tag="689">
      <marc:subfield code="0">(DE-588)119104644</marc:subfield>
      <marc:subfield code="0">https://d-nb.info/gnd/119104644</marc:subfield>
      <marc:subfield code="0">(DE-101)119104644</marc:subfield>
      <marc:subfield code="D">p</marc:subfield>
      <marc:subfield code="a">Carnarvon, George Edward Stanhope Molyneux Herbert &#x98;of&#x9c;</marc:subfield>
      <marc:subfield code="d">1866-1923</marc:subfield>
   </marc:datafield>
   <marc:datafield ind1="1" ind2="3" tag="689">
      <marc:subfield code="A">f</marc:subfield>
      <marc:subfield code="a">Belletristische Darstellung</marc:subfield>
   </marc:datafield>
   <marc:datafield ind1="1" ind2=" " tag="689">
      <marc:subfield code="5">DE-101</marc:subfield>
      <marc:subfield code="5">DE-101</marc:subfield>
   </marc:datafield>
   <marc:datafield ind1="1" ind2="2" tag="700">
      <marc:subfield code="a">Jacq, Christian</marc:subfield>
      <marc:subfield code="d">1947-</marc:subfield>
      <marc:subfield code="2">gnd</marc:subfield>
      <marc:subfield code="t">&#x98;L'&#x9c; affaire Toutankhamon</marc:subfield>
      <marc:subfield code="g">dt.</marc:subfield>
   </marc:datafield>
   <marc:datafield ind1=" " ind2="0" tag="830">
      <marc:subfield code="a">Scherz-Krimis</marc:subfield>
      <marc:subfield code="v">1869</marc:subfield>
      <marc:subfield code="w">(DE-101)980311675</marc:subfield>
      <marc:subfield code="w">(DE-600)2240904-X</marc:subfield>
      <marc:subfield code="9">41869</marc:subfield>
      <marc:subfield code="7">as</marc:subfield>
   </marc:datafield>
   <marc:datafield ind1=" " ind2=" " tag="850">
      <marc:subfield code="a">DE-101a</marc:subfield>
      <marc:subfield code="a">DE-101b</marc:subfield>
   </marc:datafield>
   <marc:datafield ind1="r" ind2=" " tag="925">
      <marc:subfield code="a">ra</marc:subfield>
   </marc:datafield>
</marc:record>
